000 00603nam a2200193Ia 4500
008 090124s9999 xx 000 0 und d
082 _b104456
100 _aराय द्विजेन्द्रलाल
245 _a नूरजहाँ
250 _a4
260 _c1953
300 _a148
600 _aराय द्विजेन्द्रलाल
630 _a नूरजहाँ
700 _aराय द्विजेन्द्रलाल
700 _aपाण्डेय रुपनारायण
730 _a नूरजहाँ
942 _cBOOK
999 _c150548
_d150548